| 000 | 01685cam a22004457a 4500 | ||
|---|---|---|---|
| 003 | CHAP | ||
| 005 | 20220817043918.0 | ||
| 008 | 031010s2003 mx r 00010 spa d | ||
| 010 | _a87809 | ||
| 011 | _a88781 | ||
| 035 | _a99326 | ||
| 040 | _cCHAP | ||
| 090 | _aTesis | ||
| 100 | 0 | 0 |
_aMartínez Aispuro, Manuel. _971782 |
| 245 | 1 | 0 |
_aCálculo del nivel óptimo biológico y económico de lisina para cerdos en finalización _c/por Manuel Martínez Aispuro y José Luis Landero Viera |
| 260 |
_aChapingo, Méx. : _bEl autor, _c2003. |
||
| 300 | _a68 h. | ||
| 502 | _aTesis (Ing. Agr. Esp. en Zootecnia) -- UACH. Departamento de Zootecnia | ||
| 530 | _aTambién disponible en línea | ||
| 590 |
_aALEPH _b10 _c20130110 _lUCH01 _h1455 |
||
| 590 |
_aBATCH-UPD _b10 _c20130110 _lUCH01 _h0359 |
||
| 590 |
_aBATCH-UPD _b10 _c20130110 _lUCH01 _h2218 |
||
| 590 |
_aBATCH-UPD _b10 _c20130410 _lUCH01 _h0032 |
||
| 590 |
_aBATCH-UPD _b10 _c20130410 _lUCH01 _h1518 |
||
| 590 |
_aBATCH-UPD _b10 _c20130914 _lUCH01 _h1523 |
||
| 590 |
_aBATCH-UPD _b10 _c20140324 _lUCH01 _h1441 |
||
| 590 |
_aBATCH-UPD _b10 _c20141002 _lUCH01 _h0819 |
||
| 590 |
_aCONVERSION _b10 _c20130109 _lUCH01 _h1349 |
||
| 650 | 1 | 4 |
_aGanado porcino _xAlimentación. _945329 |
| 650 | 1 | 4 |
_aGanado porcino _xCostos de producción. _945348 |
| 650 | 1 | 4 |
_aGanado porcino _xEngorda. _945362 |
| 650 | 1 | 4 | _aLisina. |
| 700 | 0 |
_aLanderos Viera, José Luis. _964692 |
|
| 856 |
_3Finding aid _uhttp://10.13.5.2/tesis/99326.pdf _zTeclea aqui |
||
| 901 | _aBK | ||
| 905 | _aMayto Villalobos S. | ||
| 942 | _cFOLL | ||
| 949 |
_aTesis _bBC _cTES _d33724000892766 _eTS2 _fc.2 _h41192 _i99326 _si |
||
| 949 |
_aTesis _bBC _cTES _d99326123 _eTS1 _h41191 _i99326 _sb |
||
| 999 |
_c87809 _d87809 |
||